000 00705cab a22002055a 4500
001 L147628
008 090529e20090522xxk f 000 0 eng d
035 _a(Sirsi) u147628
041 0 _aeng
100 1 _aLever, Jon
245 0 0 _aAPC advice
260 _c2009
490 0 _aProperty Week
_v75(21) 22 May 2009, 36(1)
520 _aFocuses on the presubmission period prior to the APC candidate sending his/her final assessment to RICS. Ben Elder looks at the building control and inspection competency.
590 _aKA
651 4 _aUnited Kingdom
_y
690 _aCAREERS, EDUCATION AND TRAINING-QUALIFICATION ROUTES-ASSESSMENT OF PROFESSIONAL COMPETENCE
700 1 _aElder, Ben
942 _n0
999 _c81589
_d81589